Paroles : En Feu - Soprano - Statistiques

Statistiques générales
  • Ce quiz a été pris 182 fois
  • Le résultat moyen est 470 sur 637
Statistiques - réponses
Paroles % Correct
en
97%
feu
97%
Ã
94%
À
94%
je
92%
Je
92%
chaud
91%
le
91%
Le
91%
du
90%
J'suis
89%
j'suis
89%
Comme
86%
comme
86%
suis
84%
Zinedine
84%
Ce
82%
ce
82%
de
81%
soir
81%
Zidane
81%
mon
80%
me
79%
la
76%
l'équipe
75%
les
75%
face
74%
tu
68%
Tu
68%
appelle
66%
Appelle
66%
Brazil
66%
Ça
66%
dans
66%
Si
66%
sur
66%
un
65%
l'eau
64%
moi
64%
coupe
62%
J'ai
61%
marche
61%
monde
61%
que
61%
fais
59%
hublot
59%
vœu
59%
Car
58%
tout
58%
vais
58%
l'impression
57%
pompiers
57%
touches
57%
Monica
56%
planer
55%
au
54%
Bellucci
54%
même
54%
sens
54%
briller
51%
d'un
51%
Regarder
51%
et
50%
sent
50%
brûlé
49%
Oh
48%
oh
48%
parles
48%
Teddy
48%
Ou
47%
heures
46%
mes
46%
pas
46%
Riner
46%
sourit
46%
avec
45%
croises
45%
grand
44%
mais
44%
mat'
44%
une
43%
d'Algérie
42%
Omar
42%
fait
41%
lucarne
41%
sors
41%
Sy
41%
lit
40%
six
40%
dit
39%
appelé
38%
danse
38%
boum
37%
merci
37%
paparazzi
37%
ville
37%
blondinet
36%
écart
36%
Jackson
36%
prince
36%
Michael
35%
intouchable
34%
petits
34%
Van
34%
contre
33%
Curry
33%
ne
33%
Stephen
33%
trois
33%
Warrior
33%
plus
32%
sport
32%
Damme
31%
deux
31%
énervé
31%
passe
31%
sorti
31%
trophée
31%
Freezer
30%
mis
30%
Beyoncé
29%
Crois-moi
29%
gros
29%
JayZ
29%
l'ascenseur
29%
sœur
29%
beaux
28%
gamos
28%
John
28%
joue
27%
appelle-moi
26%
Kirikou
26%
piste
26%
j'repars
24%
j'te
24%
m'as
24%
tissus
22%
DJ
21%
sol
21%
amène-moi
19%
s'allume
15%
Coffey
11%
J'sors
9%
Aucun quiz correspondant
Distribution des résultats
% des personnes avec chaque résultat
Percentile par nombre de réponses
Votre historique - résultats
Vous n’avez pas pris ce quiz